Normal view
MARC view
- Nazarov, Alexei
Entry Personal Name
001 - CONTROL NUMBER
- control field: 83371
003 - CONTROL NUMBER IDENTIFIER
- control field: NUST
005 - DATE AND TIME OF LATEST TRANSACTION
- control field: 20211022162253.0
008 - FIXED-LENGTH DATA ELEMENTS
- fixed length control field: 211022|| aca||aabn | a|a d
040 ## - CATALOGING SOURCE
- Original cataloging agency: NUST
- Transcribing agency: NUST
100 ## - HEADING--PERSONAL NAME
- Personal name: Nazarov, Alexei
670 ## - SOURCE DATA FOUND
- Source citation: Work cat.: (NUST)32994: Nazarov, Alexei. editor., Semiconductor-On-Insulator Materials for Nanoelectronics Applications /, 2011.
